| 000 | 01011naa a2200277 c 4500 | ||
|---|---|---|---|
| 001 | 43100 | ||
| 003 | ES-MaCES | ||
| 005 | 20120710140000.0 | ||
| 008 | 120710n2012 sp t 000 | spa d | ||
| 035 | _aCES20120007108v | ||
| 040 |
_aES-MaCES _bspa _cES-MaCES |
||
| 100 | 1 |
_aYsàs Molinero, Helena _926458 |
|
| 245 | 1 | 3 |
_aLa articulación de la negociación colectiva sectorial y de empresa en Francia _b: ¿un modelo válido para España? _cHelena Ysàs Molinero |
| 500 | _aResumen | ||
| 650 | 4 |
_aEspaña _926964 |
|
| 650 | 4 |
_aFrancia _926943 |
|
| 650 | 4 |
_anorma del trabajo _928215 |
|
| 650 | 4 |
_alegislación del trabajo _927166 |
|
| 650 | 4 |
_aacuerdo colectivo de empresa _931121 |
|
| 650 | 4 |
_anegociación colectiva _928362 |
|
| 653 | 1 | 0 | _aRelaciones laborales-Empleo |
| 773 | 0 |
_tRelaciones laborales _gaño 28, n. 3 (1 feb. 2012){10194 R. 081545}; p .63-81 _w(ES-MaCES)25210 _943131 |
|
| 902 | _aART Artículo de revista | ||
| 942 |
_2CES _cAR _h2.0. |
||
| 999 |
_c43100 _d43100 |
||